| 000 | 02603nam0a2200469 4500 | ||
|---|---|---|---|
| 001 | RU\NLR\BIBL_A\012680598 | ||
| 005 | 20241217101626.0 | ||
| 021 |
_aRU _bКН-П-21-057526 _9КН-П-21-4491 |
||
| 029 | 1 | 0 |
_aRU _b177-2020 _cР Газпром |
| 035 | _a(NLR Aleph) 012680598 | ||
| 035 | _a(RuMoRGB)010776591 | ||
| 090 |
_a12813710 _c12813710 |
||
| 100 | _a20220110d2021 k y0rusy50 ca | ||
| 101 | 0 | _arus | |
| 102 | _aRU | ||
| 105 | _aa l 000|y | ||
| 181 | 1 |
_ai _b e |
|
| 182 | 1 | _an | |
| 200 | 9 |
_aСтраховая защита имущественных интересов ПАО "Газпром" _iРазработка требований к ключевым страховым параметрам программ страхования экологических рисков производственных объектов ПАО "Газпром" _eР Газпром 177-2020 _fРазработаны Научно-исследовательским институтом природных газов и газовых технологий - Газпром ВНИИГАЗ |
|
| 203 |
_aТекст _bвизуальный _cнепосредственный |
||
| 205 | _aИзд. офиц. | ||
| 210 |
_aСанкт-Петербург _cГазпром экспо _d2021 |
||
| 215 |
_aIV, 76 с. _cил _d29 |
||
| 225 | 1 |
_aРекомендации организации _fГазпром |
|
| 239 | _aДата введения 01.01.2021, Срок действия 01.01.2024 | ||
| 320 | _aБиблиогр.: с. 74-75 (19 назв.) | ||
| 517 | 1 | _aР Газпром 177-2020 | |
| 601 | 0 | 2 |
_a"Газпром", российское акционерное общество _jСтандарты _92070851 _3RU\NLR\AUTH\661245592 |
| 606 | 1 |
_aЭкологические риски _jСтандарты _xСтрахование _92129535 _3RU\NLR\AUTH\661284928 |
|
| 610 | 0 | _aэкологические риски, страхование на объектах "Газпром" | |
| 686 |
_a75.020 _v2000 _2ОКС |
||
| 686 |
_a030.060 _v2000 _2ОКС |
||
| 686 |
_a13.020.30 _v2000 _2ОКС |
||
| 686 | 1 | _aУ30(2)565.310.92(2Р)я86 | |
| 686 | 1 | _aУ26(2)311(2Р)я86 | |
| 712 | 0 | 2 |
_4725 _a"Газпром", российское акционерное общество _9486484 _3RU\NLR\AUTH\889994843 |
| 712 | 0 | 2 |
_4900 _aНИИ природных газов и газовых технологий _cМосква _9552297 _3RU\NLR\AUTH\8810027062 |
| 942 | _cBOOK | ||
| 980 | _aNB | ||